| 000 | 00855nam a2200217 a 4500 | ||
|---|---|---|---|
| 001 | 55743 | ||
| 003 | BD-RjUL | ||
| 005 | 20211209080316.0 | ||
| 008 | 161121s1975 ii ||||| |||| 00| 0 ben d | ||
| 035 | _a(BD-RjUL)55867 | ||
| 040 |
_aBD-RjUL _bben _cBD-RjUL _dBD-RjUL |
||
| 041 | _aben | ||
| 082 |
_223 _a954.92 _bDES 1975 |
||
| 100 |
_aদে, অমলেন্দু _9121806 |
||
| 245 | 1 | 0 |
_aস্বাধীন বঙ্গভূমি গঠনের পরিকল্পনা : _bপ্রয়াস ও পরিণতি / _cঅমলেন্দু দে |
| 260 |
_aকলিকাতা : _bরত্না প্রকাশন, _c১৯৭৫. |
||
| 300 |
_a[৮], ১৫০ পৃ. ; _c২২ সেমি. |
||
| 651 |
_aবাংলাদেশ _vইতিহাস _9166004 |
||
| 651 |
_aBangladesh _vHistory _9166005 |
||
| 942 |
_2ddc _cBK |
||
| 999 |
_c55743 _d55743 |
||